| 000 -ლიდერი |
| ფიქსირებული სიგრძის საკონტროლო ველი |
01540nam a2200265Ia 4500 |
| 001 - საკონტროლო ნომერი |
| საკონტროლო ველი |
6664 |
| 003 - საკონტროლო ნომრის იდენტიფიკატორი |
| საკონტროლო ველი |
GE_BSU |
| 005 - ბოლო ოპერაციის თარიღი და დრო |
| საკონტროლო ველი |
20191127104822.0 |
| 008 - ფიქსირებული სიგრძის მონაცემთა ელემენტები - ზოგადი ინფორმაცია |
| ფიქსირებული სიგრძის საკონტროლო ველი |
181216s1967||||ge |||||||||||||| ||geo|| |
| 040 ## - კატალოგიზაციის წყარო |
| Transcribing agency |
GE_BSU |
| 041 ## - ენის კოდი |
| Language code of text/sound track or separate title |
geo |
| 080 ## - უნივერსალური ათობითი კლასიფიკაციის ინდექსი |
| Universal Decimal Classification number |
821.353.1-31 გ-19 |
| 100 ## - მთავარი ჩანაწერი - პიროვნების სახელი |
| Personal name |
გამსახურდია, კონსტანტინე |
| 9 (RLIN) |
1395 |
| 245 ## - ცნობა სათაურის შესახებ |
| Title |
მოთხრობები / |
| Statement of responsibility, etc |
კონსტანტინე ლორთქიფანიძის, არჩილ სულაკაურის, გრიგოლ ჩიქოვანის, დემნა შენგელაიას და რევაზ ჯაფარიძის რედაქციით.. |
| 250 ## - გამოცემის ცნობა |
| Edition statement |
ქართული საბჭოთა პროზის ბიბლიოთეკა. |
| 264 ## - წარმოების, გამოცემის, დისტრიბუციის და სხვა ცნობები |
| გამოცემის, წარმოების, დისტრიბუციის... ადგილი |
თბილისი : |
| გამოცემის, წარმოების, დისტრიბუციის... სახელწოდება |
ლიტერატურა და ხელოვნება, |
| გამოცემის, წარმოების, დისტრიბუციის... თარიღი |
1967. |
| 300 ## - ფიზიკური აღწერა |
| Extent |
120 გვ. ; |
| Dimensions |
17 სმ. |
| 653 ## - INDEX TERM--UNCONTROLLED |
| Uncontrolled term |
მოთხრობები |
| 700 ## - ADDED ENTRY--PERSONAL NAME |
| Personal name |
ლორთქიფანიძე, კონსტანტინე |
| Relator term |
რედაქტორი |
| 9 (RLIN) |
5578 |
| 700 ## - ADDED ENTRY--PERSONAL NAME |
| Personal name |
სულაკაური, არჩილ |
| Relator term |
რედაქტორი |
| 9 (RLIN) |
5579 |
| 700 ## - ADDED ENTRY--PERSONAL NAME |
| Personal name |
ჩიქოვანი, გრიგოლ |
| Relator term |
რედაქტორი |
| 9 (RLIN) |
5580 |
| 700 ## - ADDED ENTRY--PERSONAL NAME |
| Personal name |
შენგელაია, დემნა |
| Relator term |
რედაქტორი |
| 9 (RLIN) |
5581 |
| 700 ## - ADDED ENTRY--PERSONAL NAME |
| Personal name |
ჯაფარიძე, რევაზ |
| Relator term |
რედაქტორი |
| 9 (RLIN) |
4191 |
| 942 ## - ADDED ENTRY ELEMENTS (KOHA) |
| Koha item type |
წიგნი |
| Source of classification or shelving scheme |
|